Rookie de l'année NBA depuis 1980 - Statistiques

Statistiques générales
  • Ce quiz a été pris 394 fois
  • Le résultat moyen est 17 sur 45
Statistiques - réponses
Hint Réponse % Correct
2003-2004 LeBron James
95%
1984-1985 Michael Jordan
87%
2018-2019 Luka Doncic
75%
1992-1993 Shaquille O'Neal
71%
2019-2020 Ja Morant
69%
2007-2008 Kevin Durant
68%
2020-2021 LaMelo Ball
65%
1997-1998 Tim Duncan
65%
1996-1997 Allen Iverson
63%
2008-2009 Derrick Rose
63%
2017-2018 Ben Simmons
61%
1979-1980 Larry Bird
61%
2011-2012 Kyrie Irving
59%
2010-2011 Blake Griffin
53%
2015-2016 Karl-Anthony Towns
52%
2005-2006 Chris Paul
48%
1989-1990 David Robinson
48%
1991-1992 Larry Johnson
48%
2014-2015 Andrew Wiggins
47%
2012-2013 Damian Lillard
47%
2021-2022 Scottie Barnes
47%
2013-2014 Michael Carter-Williams
42%
1998-1999 Vince Carter
42%
1994-1995(2/2) Jason Kidd
39%
1985-1986 Patrick Ewing
35%
1994-1995(1/2) Grant Hill
30%
2001-2002 Pau Gasol
29%
1981-1982 Buck Williams
28%
2016-2017 Malcolm Brogdon
27%
1993-1994 Chris Webber
20%
2000-2001 Mike Miller
19%
2009-2010 Tyreke Evans
19%
2002-2003 Amar'e Stoudemire
14%
2006-2007 Brandon Roy
14%
1999-2000(1/2) Elton Brand
12%
2004-2005 Emeka Okafor
11%
1983-1984 Ralph Sampson
11%
1999-2000(2/2) Steve Francis
9%
1995-1996 Damon Stoudamire
6%
1988-1989 Mitch Richmond
6%
1990-1991 Derrick Coleman
5%
1986-1987 Chuck Person
3%
1980-1981 Darrell Griffith
2%
1982-1983 Terry Cummings
2%
1987-1988 Mark Jakcson
0%
Aucun quiz correspondant
Distribution des résultats
% des personnes avec chaque résultat
Percentile par nombre de réponses
Votre historique - résultats
Vous n’avez pas pris ce quiz